|
|
|
|
| LEADER |
00000nab a2200000 a 4500 |
| 001 |
vtls000837102 |
| 003 |
SK-MaSNL |
| 005 |
20260302163423.0 |
| 008 |
140301c2003 xo 0 slo |
| 015 |
|
|
|a SNBRB2003/06-17034
|
| 035 |
|
|
|a CLN000188757
|
| 040 |
|
|
|a SNKBUCL
|b slo
|c SNKBUCL
|e AACR2
|
| 041 |
0 |
|
|a slo
|
| 044 |
|
|
|a xo
|c SK
|
| 080 |
|
|
|a 371.3:681.3
|2 1997
|
| 100 |
1 |
|
|a Neczli, Rastislav
|4 aut
|9 781248
|
| 245 |
1 |
0 |
|a Vzdelávanie budúcnosti: e-learning
|c Rastislav Neczli, Andrea Hruzová
|
| 650 |
0 |
7 |
|a elektronické vzdelávanie
|2 snkbucl
|9 29107
|
| 655 |
|
7 |
|a články z novín a časopisov
|2 snkbucl
|9 267496
|
| 700 |
1 |
|
|a Hruzová, Andrea
|4 aut
|9 864713
|
| 773 |
0 |
|
|t Hospodárske noviny
|g Roč. 11, č. 54 (19.3.2003)
|x 1335-4701
|
| 773 |
0 |
|
|t [Príl.] Informačné technológie
|g S. [I] a V
|x 1335-4701
|
| 850 |
|
|
|a Slovenská národná knižnica v Martine
|
| 852 |
|
|
|a SNK
|b KIS3GCP
|
| 992 |
|
|
|a RBX
|
| 999 |
|
|
|c 1383313
|d 1385243
|